| 000 | 01113pam a2200337 a 4500 | ||
|---|---|---|---|
| 001 | 1021 | ||
| 005 | 20250722111341.0 | ||
| 020 | _a0679983414 (lib. bdg.) | ||
| 020 | _a9780590706384 | ||
| 040 |
_aDLC _cDLC _dDLC _beng |
||
| 050 | 0 | 0 |
_aPZ7.O81167 _bPo 1998 |
| 082 | 0 | 0 |
_aFic _221 |
| 100 | 1 | _aOsborne, Mary Pope | |
| 245 | 1 | 0 |
_aPolar bears past bedtime _cby Mary Pope Osborne ; illustrated by Sal Murdocca |
| 250 | _aFirst Scholastic printing, September 1998 | ||
| 260 |
_aNew York : _bScholastic, _c1998. |
||
| 300 |
_a71 pages : _billustrations ; _c20 cm |
||
| 490 | 1 |
_aMagic tree house ; _vBook 12 |
|
| 500 | _a"A Stepping Stone book." | ||
| 505 | _aN | ||
| 520 | _aTheir magic tree house takes Jack and Annie to the Arctic, where a polar bear leads them onto very thin ice. | ||
| 521 | 0 |
_a570
_bLexile |
|
| 521 | 0 |
_aN
_bRaz-Plus |
|
| 650 | 1 |
_aPolar bear _vFiction. |
|
| 650 | 1 |
_aBears _vFiction. |
|
| 650 | 1 |
_aMagic _vFiction. |
|
| 650 | 1 |
_aTree houses _vFiction. |
|
| 700 | 1 |
_aMurdocca, Sal _eillustrator |
|
| 906 |
_a7 _bcbc _corignew _d1 _eocip _f19 _gy-gencatlg |
||
| 942 |
_2ddc _cBK _n0 |
||
| 999 |
_c1021 _d1021 |
||